<?xml version="1.0" encoding="UTF-8"?><?xml-stylesheet type="text/xsl" href="static/style.xsl"?><OAI-PMH xmlns="http://www.openarchives.org/OAI/2.0/" xmlns:xsi="http://www.w3.org/2001/XMLSchema-instance" xsi:schemaLocation="http://www.openarchives.org/OAI/2.0/ http://www.openarchives.org/OAI/2.0/OAI-PMH.xsd"><responseDate>2026-04-13T04:18:04Z</responseDate><request verb="GetRecord" identifier="oai:www.recercat.cat:2072/408283" metadataPrefix="marc">https://recercat.cat/oai/request</request><GetRecord><record><header><identifier>oai:recercat.cat:2072/408283</identifier><datestamp>2026-04-08T03:09:27Z</datestamp><setSpec>com_2072_98</setSpec><setSpec>col_2072_378192</setSpec></header><metadata><record xmlns="http://www.loc.gov/MARC21/slim" xmlns:dcterms="http://purl.org/dc/terms/" xmlns:xsi="http://www.w3.org/2001/XMLSchema-instance" xmlns:doc="http://www.lyncode.com/xoai" xsi:schemaLocation="http://www.loc.gov/MARC21/slim http://www.loc.gov/standards/marcxml/schema/MARC21slim.xsd">
   <leader>00925njm 22002777a 4500</leader>
   <datafield ind2=" " ind1=" " tag="042">
      <subfield code="a">dc</subfield>
   </datafield>
   <datafield ind2=" " ind1=" " tag="720">
      <subfield code="a">Cimardi, Linda</subfield>
      <subfield code="e">author</subfield>
   </datafield>
   <datafield ind2=" " ind1=" " tag="260">
      <subfield code="c">2015</subfield>
   </datafield>
   <datafield ind2=" " ind1=" " tag="520">
      <subfield code="a">This article looks at how the paradigm of ethnicity in Uganda has influenced the conception and perception of cultural identity, and specifically of music identity. According to the 2002 Census, Uganda counts more than 50 different peoples within its territory. For most of these, the language spoken locally and the complex of musics and dances characterize their identity. These elements are currently fostered by the Government also by promoting annually a national festival where each area presents, among other items, its own music and dance repertoires. The structure of the present school festival intends to follow historical and cultural sedimentations (identifying "regions"), but it can still be traced to the colonial classification of peoples ("tribes"). Considering data especially from western Uganda, the intermingling of the paradigm of ethnicity with the ones of music representativeness and identity will be observed. Discussion will consider the repertoires chosen for representativeness in the national context and concentrate on the ambiguity of the ethnic uniqueness of these musics and on the possibilities of expression of minorities.</subfield>
   </datafield>
   <datafield ind2=" " ind1=" " tag="520">
      <subfield code="a">El presente artículo trata de cómo el paradigma de la etnicidad ha influenciado el concepto y la percepción de la cultura identitaria, y específicamente de la música. De acuerdo con el censo realizado en el año 2002, Uganda cuenta con más de 50 tipos diferentes de pueblos dentro de su territorio. Para muchos de ellos, su lengua y la complejidad de su música y bailes definen su identidad. Estos elementos son en la actualidad incentivados por el gobierno a través de la organización de un festival nacional anual donde cada territorio presenta su música y bailes. La estructura tras esta escuela del festival intenta perseguir elementos históricos y culturales reminiscentes (identificando "regiones"), pero se remonta a los tiempo de la colonización y de la clasificación de sus pueblos ("tribus"). Recogiendo datos del Uganda occidental, se identificarán las interacciones de los paradigmas de la etnicidad y de la identidad observados. El debate considerará los diferentes repertorios elegidos por los representantes en el contexto nacional y se enfocará en la ambigüedad de la singularidad de éstas músicas y en la possibilidad de expresión por parte de las minorías.</subfield>
   </datafield>
   <datafield tag="653" ind2=" " ind1=" ">
      <subfield code="a">Ethnicity</subfield>
   </datafield>
   <datafield tag="653" ind2=" " ind1=" ">
      <subfield code="a">Music</subfield>
   </datafield>
   <datafield tag="653" ind2=" " ind1=" ">
      <subfield code="a">Uganda</subfield>
   </datafield>
   <datafield tag="653" ind2=" " ind1=" ">
      <subfield code="a">Etnicidad</subfield>
   </datafield>
   <datafield tag="653" ind2=" " ind1=" ">
      <subfield code="a">Música</subfield>
   </datafield>
   <datafield ind2="0" ind1="0" tag="245">
      <subfield code="a">From "tribes" to "regions" : ethnicity and musical identity in western Uganda</subfield>
   </datafield>
</record></metadata></record></GetRecord></OAI-PMH>